000 00737nam a2200241Ia 4500
003 OSt
005 20220930194651.0
006 a|||||r|||| 00| 0
007 ta
008 220926b |||||||| |||| 00| 0 eng d
024 _a13054
037 _cDissertations
040 _aCRL
_cCRL
_beng
041 _2eng
_aeng
100 _aWij Bindu
_9563467
110 _aUniversity of Delhi. Faculty of Social Sciences. Department of History
245 0 _aMedievel Indian society as depicted in the works of kavi Kesshav Bihari and Bhushan.
260 _c1980
650 _aHISTORY
700 _aUniversity of Delhi. Faculty of Social Sciences. Department of History
942 _cDIS
_2CC
999 _c897991
_d897991